00958nam a22002417a 4500003000400000005001700004008004100021040001800062041000800080050002200088245020200110260005100312300003500363650004200398650004600440650003500486650004200521650003900563700004500602710003700647942001500684999001700699OSt20260530115318.0260507b1983 mx a|||| |||| 00| 0 spa d aICIbspacICI aspa aLA428.7bU55 198303aLa universidad y el reto del mexico contemporaneo :b Edicion conmemorativa del xl aniversario de la universidad iberoamericana /c la ed. estuvo al cuidado de Rubén Lozano Herrera ... [y otros.] aMéxico :bUniversidad iberoamericana, c1983 a374 páginas :cilustraciones 4aEducación superiorzMéxico933937 4aUniversidades y colegioszMéxico933938 4aPolítica educativazMéxico 4aMéxicoxCondiciones sociales933940 4aDesarrollo socialzMéxico9339411 aLozano Herrera, Rubén, eeditor9339422 aUniversidad Iberoamericana92963 2lcccBKn0 c13648d13648